Name That WCW Tag Team - Statistics

General Stats
  • This quiz has been taken 210 times
  • The average score is 12 of 20
Answer Stats
Wrestlers Team Name % Correct
Booker T & Stevie Ray Harlem Heat
99%
Kevin Nash & Scott Hall The Outsiders
99%
Animal & Hawk The Road Warriors
95%
Steve Austin & Brian Pilman The Hollywood Blonds
94%
Brian Knobbs & Jerry Sags The Nasty Boys
94%
Robert Gibson & Ricky Morton The Rock 'n' Roll Express
78%
Brian Adams & Bryan Clark Kronik
73%
Ron Simmons & Butch Reed Doom
69%
Marcus Bagwell & Scotty Riggs The American Males
68%
Scott Norton & Ice Train Fire and Ice
53%
Gene Anderson & Ole Anderson The Minnesota Wrecking Crew
51%
Paul Orndorff & Paul Roma Pretty Wonderful
50%
Meng & The Barbarian The Faces of Fear
49%
Disco Inferno & Alex Wright The Boogie Knights
46%
Lex Luger & Buff Bagwell Totally Buff
45%
Kevin Nash & DDP The Insiders
43%
Arn Anderson & Larry Zbyszko The Enforcers
37%
Big Vito & Johnny the Bull The Mamalukes
37%
Marcus Bagwell & The Patriot Stars and Stripes
31%
Chuck Palumbo & Shawn Stasiak The Perfect Event
27%
No matching quizzes found
Score Distribution
Percent of People with Each Score
Percentile by Number Answered
Your Score History
You have not taken this quiz